A la recherche du temps perdu / (Record no. 123061)
[ view plain ]
| 000 -LEADER | |
|---|---|
| campo de control de longitud fija | 01047nam a2200265 4500 |
| 001 - NÚMERO DE CONTROL | |
| campo de control | 123061 |
| 003 - IDENTIFICADOR DE NÚMERO DE CONTROL | |
| campo de control | ES-MaACL |
| 005 - FECHA Y HORA DE LA ÚLTIMA TRANSACCIÓN | |
| campo de control | 20240126063007.0 |
| 007 - CAMPO FIJO DE DESCRIPCIÓN FÍSICA--INFORMACIÓN GENERAL | |
| campo de control de longitud fija | t| |
| 008 - DATOS DE LONGITUD FIJA--INFORMACIÓN GENERAL | |
| campo de control de longitud fija | 070214m19191927fr r ||||0| fre d |
| 100 1# - ENTRADA PRINCIPAL--NOMBRE DE PERSONA | |
| Nombre de persona | Proust, Marcel, |
| Fechas asociadas al nombre | 1871-1922 |
| 9 (RLIN) | 94056 |
| 245 10 - MENCIÓN DEL TÍTULO | |
| Título | A la recherche du temps perdu / |
| Mención de responsabilidad, etc. | Marcel Proust. |
| 250 ## - MENCION DE EDICION | |
| Mención de edición | 12e éd. |
| 260 ## - PUBLICACIÓN, DISTRIBUCIÓN, ETC. | |
| Lugar de publicación, distribución, etc. | Paris : |
| Nombre del editor, distribuidor, etc. | Gallimard, |
| Fecha de publicación, distribución, etc. | 1919 - 1927. |
| 300 ## - DESCRIPCIÓN FÍSICA | |
| Extensión | 15 v ; |
| Dimensiones | 18 cm. |
| 505 8# - NOTA DE CONTENIDO CON FORMATO | |
| Nota de contenido con formato | Contiene: t. I: Du côté de chez Swann, 2 v. --- t. II: l'ombre des jeunes filles en fleurs, 2 v. [Falta el v. 3] --- t. III: Le Côté de Guermantes ; Sodome et Gomorrhe, 2 v. --- t. IV-VI: Sodome et Gomorrhe, 5 v. --- t. VII: Albertine disparue, 2 v. --- t. VIII: Le temps retrouvé, 2 v |
| 740 0# - ENTRADA AGREGADA--TÍTULO RELACIONADO/ANALÍTICO NO CONTROLADO | |
| Título relacionado o analítico no controlado | Du côté de chez Swann. |
| 740 0# - ENTRADA AGREGADA--TÍTULO RELACIONADO/ANALÍTICO NO CONTROLADO | |
| Título relacionado o analítico no controlado | l'ombre des jeunes filles en fleurs. |
| 740 0# - ENTRADA AGREGADA--TÍTULO RELACIONADO/ANALÍTICO NO CONTROLADO | |
| Título relacionado o analítico no controlado | Le Côté de Guermantes. |
| 740 0# - ENTRADA AGREGADA--TÍTULO RELACIONADO/ANALÍTICO NO CONTROLADO | |
| Título relacionado o analítico no controlado | Sodome et Gomorrhe. |
| 740 0# - ENTRADA AGREGADA--TÍTULO RELACIONADO/ANALÍTICO NO CONTROLADO | |
| Título relacionado o analítico no controlado | Albertine disparue. |
| 740 0# - ENTRADA AGREGADA--TÍTULO RELACIONADO/ANALÍTICO NO CONTROLADO | |
| Título relacionado o analítico no controlado | Le temps retrouvé. |
| 852 ## - LOCALIZACIÓN | |
| Ubicación | ES-MaACL |
| Número de control de estantería | F-6896-911 |
| Estatus retirado | Estado de pérdida | Estado de daño | No para préstamo | Biblioteca de origen | Biblioteca actual | Ubicación en estantería | Fecha de adquisición | Fuente de adquisición | Total de préstamos | Signatura topográfica completa | Código de barras | Visto por última vez | Precio de reemplazo | Tipo de ítem Koha |
|---|---|---|---|---|---|---|---|---|---|---|---|---|---|---|
| Biblioteca del Ateneo de Madrid | Biblioteca del Ateneo de Madrid | Depósito 2 | 17/01/2008 | F-6896-911 | 1128232 | 23/02/2023 | 23/02/2023 | Libro impreso |
